000 00668nam a22002291 4500
001 3593813
003 OSt
005 20150408113745.0
008 700928s1968 nyu b 000 0 eng
010 _a 68018570
040 _aMU
_cMU
_dMB
050 0 0 _aHM51
_b.O45
082 0 0 _a301 M O T
100 1 _aOlsen, Marvin Elliott.
_99148
245 1 4 _aThe process of social organization
_c[by] Marvin E. Olsen.
260 _aNew York,
_bHolt, Rinehart and Winston
_c[1968]
300 _axiv, 361 p.
_c24 cm.
504 _aIncludes bibliographical references.
650 0 _aSociology.
_94134
906 _a7
_bcbc
_corignew
_du
_encip
_f19
_gy-gencatlg
942 _2ddc
_cBOOK
999 _c3383
_d237883